Разработка аппаратуры для биоимпедансной поличастотной спектрометрии в диагностике дерматологических патологий: автореферат диссертации на соискание ученой степени кандидата технических наук; спец. 05.11.17

Bibliographische Detailangaben
1. Verfasser: Кузнецов В. В. Владимир Владимирович
Körperschaft: Омский государственный технический университет (ОмГТУ)
Weitere Verfasser: Новиков А. А. Алексей Алексеевич (научный руководитель)
Zusammenfassung:Защита сост. 26.12.2013 г.
Sprache:Russisch
Veröffentlicht: Томск, 2013
Schlagworte:
Format: Buch
KOHA link:https://koha.lib.tpu.ru/cgi-bin/koha/opac-detail.pl?biblionumber=248440

MARC

LEADER 00000nam0a2200000 4500
001 248440
005 20231101232404.0
035 |a (RuTPU)RU\TPU\book\270239 
090 |a 248440 
100 |a 20140122d2013 k y0rusy50 ca 
101 0 |a rus 
102 |a RU 
105 |a a dm 001zy 
200 1 |a Разработка аппаратуры для биоимпедансной поличастотной спектрометрии в диагностике дерматологических патологий  |e автореферат диссертации на соискание ученой степени кандидата технических наук  |e спец. 05.11.17  |f В. В. Кузнецов  |g Омский государственный технический университет (ОмГТУ) ; науч. рук. А. А. Новиков 
210 |a Томск  |d 2013 
215 |a 23 с.  |c ил. 
300 |a Защита сост. 26.12.2013 г. 
320 |a Библиогр.: с. 22-23 (10 назв.). 
606 1 |a Диагностическая аппаратура  |2 stltpush  |3 (RuTPU)RU\TPU\subj\72931  |9 86270 
610 1 |a медицинская диагностика 
610 1 |a биоимпедансометрия 
610 1 |a приборы 
610 1 |a кожная ткань 
610 1 |a электрофизические характеристики 
610 1 |a дерматологические патологии 
610 1 |a оценка 
610 1 |a диагностические комплексы 
610 1 |a экспериментально-клинические исследования 
610 1 |a авторефераты диссертаций 
675 |a 616-07(04)  |v 3 
686 |a 05.11.17  |2 oksvnk 
700 1 |a Кузнецов  |b В. В.  |g Владимир Владимирович 
702 1 |a Новиков  |b А. А.  |g Алексей Алексеевич  |4 727 
712 0 2 |a Омский государственный технический университет (ОмГТУ)  |c (1993- )  |2 stltpush  |3 (RuTPU)RU\TPU\col\394 
801 1 |a RU  |b 63413507  |c 20140122 
801 2 |a RU  |b 63413507  |c 20140128  |g RCR 
942 |c BK